| 000 | 00541nam a2200181 a 4500 | ||
|---|---|---|---|
| 005 | 20140310183608.0 | ||
| 008 | 120811s19uu xx 00 eng d | ||
| 020 | _a9780462099491 | ||
| 050 |
_aHD 59 _b.B661 2009 |
||
| 100 | _aBlythe, Jim | ||
| 245 |
_a100 great PR ideas : _bfrom leading companies around the world / _cJim Blythe. |
||
| 260 |
_aUnited Kingdom : _bMarshall Cavendish, _c2009. |
||
| 300 |
_a202 p. : _bill. ; _c28 cm. |
||
| 521 | _aMC | ||
| 650 |
_aPublic relations _xMiscellanea |
||
| 942 |
_cBK _2lcc _kFOR |
||
| 999 |
_c25206 _d25206 |
||